00353nam a2200169Ia 4500003000900000008004100009040001300050040001300063041000800076100001800084245002700102260001800129260000900147300001100156300001000167490000600177IT-RoPAU120407s9999 xx 000 0 und d aIT-RoPAU cIT-RoPAU aita aAlfred Doblin aBerlin Alexanderplatz. aRizzoli (Bur) c1963 a514 p. c18 cm v1